000 00307nam a22001337a 4500
008 180904b xxu||||| |||| 00| 0 eng d
020 _a0815126190
041 _aeng
080 _a617
100 _a6
101 _aANE
245 _aAnesthesia & Peroperative Complications
_cBenumof, J.L
942 _2udc
_cBK
999 _c47504
_d47504